000 01034nam a22003377a 4500
001 BR0103533
003 BR-BrBNA
005 20230928100927.0
007 ta
008 230509b bl.||||| |||| 00| 0 por d
040 _aBR-BrBNA
_bpor
_cBiblioteca Nacional de Agricultura
041 _a(Por)
072 _aP33; F04
_b0336
_b3240
_b3840
090 _ 0336 BR0103533
100 1 _aRibeiro, M.A.V.
110 1 _aUniversidade Federal de Lavras, MG (Brasil)
_0Tese (Doutorado)
245 1 _aResposta da soja e do eucalipto a fosforo em solos de diferentes texturas, níveis de densidade e de umidade
260 3 _aLavras, MG (Brasil):
_c1999.
300 _a71 p.
500 _aSummaries (Eng, Por); Several bibliography; 11 tables; 5 illus.
650 _aSoja
650 _aEucalipto
650 _aFosforo
650 _aAnalise do Solo
650 _aCompactacao do Solo
650 _aUmidade do Solo
650 _aResposta da Planta
650 _aCrescimento
909 _a202309
_bLucia
_c55
_dLucia Elande
942 _cBK
999 _c63437
_d63437